Basic Electronics Engineering / (Record no. 32000)

000 -LEADER
fixed length control field 00620 a2200217 4500
003 - CONTROL NUMBER IDENTIFIER
control field OSt
005 - DATE AND TIME OF LATEST TRANSACTION
control field 20260211125943.0
008 - FIXED-LENGTH DATA ELEMENTS--GENERAL INFORMATION
fixed length control field 260211b ||||| |||| 00| 0 eng d
020 ## - INTERNATIONAL STANDARD BOOK NUMBER
International Standard Book Number 978-93-5585-520-6
040 ## - CATALOGING SOURCE
Transcribing agency .
082 ## - DEWEY DECIMAL CLASSIFICATION NUMBER
Classification number 621.381
Item number G589
100 ## - MAIN ENTRY--PERSONAL NAME
9 (RLIN) 6580
Personal name Godse, Atul P.
245 ## - TITLE STATEMENT
Title Basic Electronics Engineering /
Statement of responsibility, etc. Atul P. Godse Uday A. Bakshi and Rana S. Mahajan
260 ## - PUBLICATION, DISTRIBUTION, ETC.
Name of publisher, distributor, etc. Technical Publication,
Place of publication, distribution, etc. Pune :
Date of publication, distribution, etc. 2025.
300 ## - PHYSICAL DESCRIPTION
Extent 12-22+M4 p.
650 #0 - SUBJECT ADDED ENTRY--TOPICAL TERM
9 (RLIN) 27
Topical term or geographic name entry element Electronics
9 (RLIN) 147
Topical term or geographic name entry element Engineering
700 ## - ADDED ENTRY--PERSONAL NAME
9 (RLIN) 6581
Personal name Bakshi, Uday A.
9 (RLIN) 6582
Personal name Mahajan, Rana S.
942 ## - ADDED ENTRY ELEMENTS (KOHA)
Source of classification or shelving scheme
Koha item type Books
Holdings
Withdrawn status Lost status Source of classification or shelving scheme Damaged status Not for loan Collection code Permanent Location Current Location Shelving location Date acquired Source of acquisition Cost, normal purchase price Full call number Barcode Date last seen Cost, replacement price Price effective from Koha item type
          Non-fiction IMU Kolkata IMU Kolkata Reference 2026-02-25 2 282.90 621.381 G589 14706 2026-02-25 345.00 2026-02-25 Books
          Non-fiction IMU Kolkata IMU Kolkata   2026-02-25 2 282.90 621.381 G589 14707 2026-02-25 345.00 2026-02-25 Books
          Non-fiction IMU Kolkata IMU Kolkata   2026-02-25 2 282.90 621.381 G589 14708 2026-02-25 345.00 2026-02-25 Books
          Non-fiction IMU Kolkata IMU Kolkata   2026-02-25 2 282.90 621.381 G589 14709 2026-02-25 345.00 2026-02-25 Books
          Non-fiction IMU Kolkata IMU Kolkata   2026-02-25 2 282.90 621.381 G589 14710 2026-02-25 345.00 2026-02-25 Books
Designed and Maintained by IMU-KC Library, Kolkata Campus © Copyright All Rights Reserved

webs counters

Powered by Koha